Statistics for Famous People Whose Names End with "-ton" (Part 2)

Click here to take the quiz!

General Stats

  • This quiz has been taken 66 times
  • The average score is 8 of 15

Answer Stats

LifeHintPerson% Correct
1982–Married William, Prince of Wales, heir apparent to the British throneKate Middleton
90%
1969–One of the six main cast members of FriendsJennifer Aniston
87%
1981–Socialite who appeared in The Simple Life and a sex tapeParis Hilton
76%
1956–Actor in Breaking Bad and Malcolm in the MiddleBryan Cranston
70%
1958–Director Beetlejuice, Batman, and Ed WoodTim Burton
68%
1981–Loki in the MCUTom Hiddleston
63%
1956–Sarah Connor in The TerminatorLinda Hamilton
57%
1980–Her debut single was 2002's "A Thousand Miles"Vanessa Carlton
51%
1967–Singer of "Un-Break My Heart"Toni Braxton
49%
1963–Irish actor who has hosted the show named after him since 2007Graham Norton
46%
1960–The White Witch in Narnia and the Ancient One in the MCUTilda Swinton
44%
1992–Sports Illustrated Swimsuit Issue cover model in '12, '13, and '17Kate Upton
37%
1955–2017Actor in Aliens and TwisterBill Paxton
35%
1976–Played protagonist Jake Sully in AvatarSam Worthington
30%
1960–Bass guitarist of U2Adam Clayton
27%

Score Distribution

Percentile by Number Answered

Percent of People with Each Score

Your Score History

You have not taken this quiz